Machine Design (Record no. 343269)

MARC details
000 -LEADER
fixed length control field 00491nam a2200181Ia 4500
008 - FIXED-LENGTH DATA ELEMENTS--GENERAL INFORMATION
fixed length control field 230718s9999 xx 000 0 und d
020 ## - INTERNATIONAL STANDARD BOOK NUMBER
International Standard Book Number 9788131705339
041 ## - LANGUAGE CODE
Language code of text/sound track or separate title eng
082 ## - DEWEY DECIMAL CLASSIFICATION NUMBER
Classification number 621.815
Item number NOR
100 ## - MAIN ENTRY--PERSONAL NAME
Personal name Norton R.L.
9 (RLIN) 133855
245 ## - TITLE STATEMENT
Title Machine Design
Remainder of title An Integrated Approach
250 ## - EDITION STATEMENT
Edition statement 2nd ed.
260 ## - PUBLICATION, DISTRIBUTION, ETC. (IMPRINT)
Date of publication, distribution, etc. 2006
Name of publisher, distributor, etc. Pearson
300 ## - PHYSICAL DESCRIPTION
Extent 1078
365 ## - TRADE PRICE
Currency code Rs.
Price amount 909.00
700 ## - ADDED ENTRY--PERSONAL NAME
Personal name Norton R.L.
9 (RLIN) 133855
906 ## - LOCAL DATA ELEMENT F, LDF (RLIN)
d O:0531627-Sep-2016B:SE/SI/329226-Sep-2016
c MECH
b 1181.7
Holdings
Withdrawn status Lost status Damaged status Not for loan Home library Current library Date acquired Vendor Budget Code Cost, normal purchase price Bill number Total Checkouts Full call number Barcode Date last seen Date last checked out Discount Cost, replacement price Bill Date Koha item type Original Barcode
        Cummins College of Engineering for Women Pune Cummins College of Engineering for Women Pune 27/09/2016 Suyog Enterprises MECH 672.66 SE/SI/3292 2 621.815 CCEP-BK-54476 24/05/2025 22/05/2025 1181.7 909.00 26/09/2016 Books 054476